The Effect of Public Perception on Residential Property Values in Close Proximity to Electricity Distribution Equipment (Record no. 84615)
[ view plain ]
| 000 -LEADER | |
|---|---|
| fixed length control field | 01170cad a2200241 4500 |
| 001 - CONTROL NUMBER | |
| control field | L158514 |
| 008 - FIXED-LENGTH DATA ELEMENTS--GENERAL INFORMATION | |
| fixed length control field | 000000n2002 000 0 eng u |
| 035 ## - SYSTEM CONTROL NUMBER | |
| System control number | (Sirsi) u158514 |
| 041 0# - LANGUAGE CODE | |
| Language code of text/sound track or separate title | eng |
| 100 ## - MAIN ENTRY--PERSONAL NAME | |
| Personal name | Simms, Sally |
| 245 #4 - TITLE STATEMENT | |
| Title | The Effect of Public Perception on Residential Property Values in Close Proximity to Electricity Distribution Equipment |
| Medium | [electronic resource] |
| 260 ## - PUBLICATION, DISTRIBUTION, ETC. | |
| Date of publication, distribution, etc. | 2002 |
| 490 ## - SERIES STATEMENT | |
| Series statement | Pacific Rim Real Estate Society Conference |
| 520 ## - SUMMARY, ETC. | |
| Summary, etc. | Presents a literature review of previous studies carried out to determine the effects on property values and public health, and the methodology behind investigation into the effects of public and professional perceptions on the value of residential property in proximity to electricity distribution equipment. |
| 650 ## - SUBJECT ADDED ENTRY--TOPICAL TERM | |
| Topical term or geographic name entry element | POWER CABLES |
| 650 ## - SUBJECT ADDED ENTRY--TOPICAL TERM | |
| Topical term or geographic name entry element | PYLONS |
| 650 ## - SUBJECT ADDED ENTRY--TOPICAL TERM | |
| Topical term or geographic name entry element | Residential property |
| 9 (RLIN) | 6266 |
| 650 24 - SUBJECT ADDED ENTRY--TOPICAL TERM | |
| Topical term or geographic name entry element | PUBLIC PERCEPTION |
| 650 24 - SUBJECT ADDED ENTRY--TOPICAL TERM | |
| Topical term or geographic name entry element | HIGH VOLTAGE OVERHEAD TRANSMISSION LINES |
| 690 ## - LOCAL SUBJECT ADDED ENTRY--TOPICAL TERM (OCLC, RLIN) | |
| Topical term or geographic name as entry element | RATING AND VALUATION |
| 856 40 - ELECTRONIC LOCATION AND ACCESS | |
| Uniform Resource Identifier | <a href="https://prres.net/Papers/Sims_Effect_Public_Perception_Values_Electricity_Equipment.pdf">https://prres.net/Papers/Sims_Effect_Public_Perception_Values_Electricity_Equipment.pdf</a> |
| Public note | View this item free of charge at http://prres.net |
| 942 ## - ADDED ENTRY ELEMENTS (KOHA) | |
| Suppress in OPAC | 0 |
| Withdrawn status | Lost status | Source of classification or shelving scheme | Damaged status | Not for loan | Home library | Current library | Shelving location | Date acquired | Total Checkouts | Full call number | Barcode | Date last seen | Copy number | Price effective from | Koha item type |
|---|---|---|---|---|---|---|---|---|---|---|---|---|---|---|---|
| Dewey Decimal Classification | Virtual | Virtual | Online | 08/04/2015 | ONLINE PUBLICATION | 158514-2001 | 06/08/2019 | 1 | 06/08/2019 | Journal article |